000 00423pab a2200157 454500
008 180718b2007 xxu||||| |||| 00| 0 eng d
100 _aVerma, Reetu
245 _aSavings, investment and growth in India: an application of the ARDL bounds testing approach
260 _c2007
300 _ap.87-98.
362 _aJan-Jun
650 _aSavings
773 _aSouth Asian Economic Journal
908 _aN
909 _a74719
999 _c74719
_d74719